Jornades de Rehabilitació d'Habitatges : ponències, comunicacions i conclusions / Institut de Tecnologia de la Construcció de Catalunya ponències, comunicacions i conclusions / Institut de Tecnologia de la Construcció de Catalunya
Descripción Física:
170 p. : il. ; 30 cm
MARC
| LEADER | 00000nam a2200000Ia 4500 | ||
|---|---|---|---|
| 001 | 1317 | ||
| 003 | BGR | ||
| 005 | 20260324175401.0 | ||
| 008 | 160829s1983 xx 000 0 cat d | ||
| 080 | |a B-1-354 | ||
| 111 | |a Jornades de Rehabilitació d'Habitatges |9 71266 |c (Barcelona : |d 1983) | ||
| 245 | |a Jornades de Rehabilitació d'Habitatges : |b ponències, comunicacions i conclusions / Institut de Tecnologia de la Construcció de Catalunya | ||
| 260 | |a Barcelona : |b ITEC, |c 1983 | ||
| 300 | |a 170 p. : |b il. ; |c 30 cm | ||
| 650 | |a Rehabilitació de l'habitatge |x Congressos |9 22582 | ||
| 650 | |a Habitatges |x Manteniment i reparació |x Congressos |9 30439 | ||
| 901 | |a Arxiu | ||
| 942 | |n 1 |2 udc |c JC | ||
| 952 | |0 0 |1 0 |4 0 |6 B1354 |7 1 |9 45421 |a Arxiu |b Arxiu |d 2016-12-01 |l 0 |o B-1-354 |p 1317 |r 2016-12-01 00:00:00 |w 2016-12-01 |y ARXIU | ||
| 999 | |c 48528 |d 48528 | ||